私的 所持漫画クイズ - Statistics

General Stats
  • This quiz has been taken 11 times
  • The average score is 12 of 39
Answer Stats
漫画名 ヒント % Correct
24 ゆるゆり \アッカリーン/
75%
2 ゆるキャン△ くぁwせdrftgyふじこlp
63%
6 キルミーベイベー 〇〇は死んだんだ
63%
18 時々ボソッとロシア語でデレる隣のアーリャさん И наменятоже обрати внимание
63%
1 がっこうぐらし! きらら詐欺
50%
7 ひぐらしのなく頃に 巡 嘘だッ!
50%
12 私に天使が舞い降りた! みゃー姉に友達はいないぞ
50%
16 グッバイ宣言 ボカロの漫画 Chinozo
50%
17 ベノム ボカロの漫画 かいりきベア
50%
19 【推しの子】 ゲッダー
50%
35 薬屋のひとりごと これ、毒です。
50%
3 ご注文はうさぎですか? 木組みの家と石畳の街
38%
4 けいおん! うん たん♪ うん たん♪ うん たん♪
38%
9 ばっどがーる コヒュッ
38%
13 その着せ替え人形は恋をする コスプレギャル
38%
31 ワンルーム、日当たり普通天使つき ベランダにいた天使
38%
5 ゆゆ式 5月29日のかわいさ満載
25%
8 お兄ちゃんはおしまい! 自己同一性の危機だあ
25%
10 ぼっち・ざ・ろっく! 人の痛みがわかる子になりなさい
25%
11 小林さんちのメイドラゴン 人が飛ぶわけないだろ!
25%
27 君は冥土様。 とんかつソース
25%
36 東方酔蝶華 奥野田美宵
25%
37 東方鈴奈庵 本居小鈴
25%
38 東方儚月抄 綿月姉妹
25%
39 ヤマト神想怪異譚 いろはにほへっとあやふぶみ
25%
40 ホロックスみーてぃんぐ ホロライブ6期生
25%
14 負けヒロインが多すぎる! 青髪
13%
15 のあ先輩はともだち。 メンヘラ束縛系夢女子上司
13%
20 真夜中ハートチューン 声優ハーレム
13%
21 我が焔炎にひれ伏せ世界 魔王城、燃やしてみた
13%
26 あなたのお城の小人さん 転生したらロリだった件
13%
28 履いてください、鷹峰さん 私のクローゼットになりなさい。
13%
29 いとこのこ いなかのこ
13%
30 となりの猫と恋知らず 無自覚な恋
13%
33 きたない君がいちばんかわいい 重めの百合
13%
34 カナン様はあくまでチョロい 悪魔でも処女だったんだな。
13%
22 信じていた仲間達にダンジョン奥地で殺されかけたがギフト『無限ガチャ』でレベル9999の仲間達を手に入れて元パーティーメンバーと世界に復讐&『ざまぁ 』します SSR確定ガチャ
13%
32 キャバ嬢だけどJDに落とされました 軽めの百合
13%
23 lv2からチートだった元勇者候補のまったり異世界ライフ 俺が勇者だったとは
13%
No matching quizzes found
Score Distribution
Percent of People with Each Score
Percentile by Number Answered
Your Score History
You have not taken this quiz